Agriculture Coparee; កសិកម្មប្រៀបធៀប (Record no. 10307)

000 -LEADER
fixed length control field 00310nam a22001217a 4500
040 ## - CATALOGING SOURCE
Transcribing agency BTJ
082 ## - DEWEY DECIMAL CLASSIFICATION NUMBER
Classification number 630
100 ## - MAIN ENTRY--AUTHOR NAME
Personal name SAM MAYANY; សំ ម៉ាយ៉ានី
245 ## - TITLE STATEMENT
Title Agriculture Coparee; កសិកម្មប្រៀបធៀប
260 ## - PUBLICATION, DISTRIBUTION, ETC. (IMPRINT)
Place of publication RUA
Name of publisher SAM
Year of publication 1995
300 ## - PHYSICAL DESCRIPTION
Number of Pages 108p.
942 ## - ADDED ENTRY ELEMENTS (KOHA)
Koha item type សៀវភៅភាសាខ្មែរ
952 ## - LOCATION AND ITEM INFORMATION (KOHA)
Withdrawn status [LOCAL, KOHA] 0
Holdings
Koha item type Barcode Lost status Permanent Location Current Location Date acquired Full call number
សៀវភៅភាសាខ្មែរRUA045323 Library Block CLibrary Block C2016-10-12630 SAM 1995 C256
មជ្ឈមណ្ឌលឯការនៃសាកលវិទ្យាល័យភូមិន្ទកសិកម្មចំការដូង

Powered by Koha